banner-ar

الجامعة الاهلية ( 1908 - 1952 ) : (Record no. 63368)

MARC details
000 -الفاتح
حقل البيانات ثابتة الطول 00885nam a22002057a 4500
005 - وقت وتاريخ اخر تعامل مع التسجيلة
رقم الضبط 20240530110637.0
008 - عناصر البيانات ثابتة الطول - معلومات عامة
حقل البيانات ثابتة الطول 170925s2010 ua a f b 000 0 ara d
017 ## - رقم الايداع القانونى
رقم الايداع القانونى 2010/19032
المصدر ( الهيئة المختصة) مصر. دار الكتب
020 ## - الرقم الدولى المعيارى للكتب
الرقم الدولى المعيارى للكتاب 977187692
040 ## - مصدر الفهرسة
وكالة الفهرسة الأصلية EG-CaGPL
وكالة النسخ EG-CaGPL
082 04 - رقم تصنيف ديوى العشرى
رقم الطبعة 21
رقم التصنيف 378.62\
رقم المادة م ج
100 0# - المدخل الرئيسى - إسم شخصى
الإسم الشخصى مها منصور .
245 12 - بيان العنوان
العنوان الجامعة الاهلية ( 1908 - 1952 ) :
بقية العنوان صفحات من ذاكرة الصحافة : من ارشيف الدوريات العربية بدار الكتب /
بيان المسئوليه,etc اعداد مها منصور ؛ مراجعة عبدالمنعم تليمة .
250 ## - بيان الطبعة
بيان الطبعة ط.1
260 ## - PUBLICATION, DISTRIBUTION, ETC. (IMPRINT)
تاريخ النشر أو التوزيع 2010 .
300 ## - الوصف المادى
التعداد 234 ص ؛
أبعاد الوعاء 28 سم .
650 07 - المدخل الاضافى بالموضوع-مصطلح موضوعى
مصدر الرأس أو المصطلح qrmak
مصطلح موضوعي جامعة القاهرة
التقسيم الفرعي العام تاريخ .
942 ## - عناصر المدخل الإضافي( كوها)
مصدر التصنيف او مخطط الترفيف Dewey Decimal Classification
Koha [default] item type كتاب
260 ## - PUBLICATION, DISTRIBUTION, ETC. (IMPRINT)
-- القاهرة :
-- مطبعة دار الكتب و الوثائق القومية بالقاهرة ،
Holdings
حالة التراجع حالة الفقد حالة تلف ليس للاعارة المكان المؤقت الموقع الحالى موقع الترفيف تاريخ الاكتساب اجمالي اﻻعارات رقم الطلب الباركود تاريخ اخر مشاهدة تاريخ تفعيل السعر نوع وعاء كوها
        مكتبة القاهرة الكبرى مكتبة القاهرة الكبرى   09/25/2017   378.62\ م ج 163357 09/25/2017 09/25/2017 كتاب

Powered By

EGPV